[Event "St Chely d'Aubrac op 11th"]
[Site "St Chely d'Aubrac"]
[Date "2011.07.11"]
[Round "4"]
[White "Levy, Nicolas"]
[Black "Joyeux, Gerard"]
[Result "0-1"]
[WhiteElo "1657"]
[BlackElo "1633"]
[PlyCount "58"]
[EventDate "2011.07.09"]
[EventType "swiss"]
[EventRounds "7"]
[EventCountry "FRA"]
[SourceTitle "CBM 143 Extra"]
[Source "ChessBase"]
[SourceDate "2011.08.29"]
[SourceVersion "1"]
[SourceVersionDate "2011.08.29"]
[SourceQuality "1"]

1. f4 b6 2. Nf3 Bb7 3. e3 e6 4. b3 Nf6 5. Bb2 Nc6 6. Bb5 a6 7. Bxc6 Bxc6 8. Ne5 Bb7 9. 0-0 d6 10. Ng4 Be7 11. d4 Qd7 12. Nxf6+ gxf6 13. Qh5 0-0-0 14. Qxf7 h5 15. Rf2 Rdf8 16. Qg6 h4 17. Qd3 Qc6 18. Nd2 Rfg8 19. e4 Rh6 20. Rc1 Rhg6 21. Qh3 f5 22. d5 Qc5 23. exf5 Rxg2+ 24. Qxg2 Rxg2+ 25. Kxg2 Qxd5+ 26. Kf1 Qxf5 27. c4 h3 28. Ke2 Bh4 29. Rff1 Bg2 0-1

[Event "St Chely d'Aubrac op 11th"]
[Site "St Chely d'Aubrac"]
[Date "2011.07.10"]
[Round "2"]
[White "Levy, Nicolas"]
[Black "Neff, Thomas"]
[Result "0-1"]
[WhiteElo "1657"]
[BlackElo "1424"]
[PlyCount "50"]
[EventDate "2011.07.09"]
[EventType "swiss"]
[EventRounds "7"]
[EventCountry "FRA"]
[SourceTitle "CBM 143 Extra"]
[Source "ChessBase"]
[SourceDate "2011.08.29"]
[SourceVersion "1"]
[SourceVersionDate "2011.08.29"]
[SourceQuality "1"]

1. e4 d5 2. exd5 Qxd5 3. Nc3 Qa5 4. Nf3 Nf6 5. Bc4 Bg4 6. 0-0 Nbd7 7. d4 c6 8. a3 e6 9. h3 Bh5 10. b4 Qc7 11. Ne2 Bxf3 12. gxf3 Bd6 13. Qd3 0-0 14. f4 g6 15. Qf3 Nh5 16. Kh1 Ng7 17. Rg1 Nf6 18. Bb2 Nd5 19. Bxd5 cxd5 20. Rac1 Rfc8 21. h4 Nf5 22. h5 b5 23. hxg6 hxg6 24. Qh5 Kg7 25. Rg4 Rh8 0-1

[Event "St Chely d'Aubrac op 10th"]
[Site "St Chely d'Aubrac"]
[Date "2010.07.16"]
[Round "8"]
[White "Marie, Olivier"]
[Black "Levy, Nicolas"]
[Result "0-1"]
[WhiteElo "1710"]
[BlackElo "1610"]
[PlyCount "74"]
[EventDate "2010.07.10"]
[EventType "swiss"]
[EventRounds "9"]
[EventCountry "FRA"]
[SourceTitle "CBM 137 Extra"]
[Source "ChessBase"]
[SourceDate "2010.09.01"]
[SourceVersion "1"]
[SourceVersionDate "2010.09.01"]
[SourceQuality "1"]

1. e4 c5 2. c4 d6 3. Nc3 Nf6 4. d3 g6 5. h3 Bg7 6. g4 0-0 7. Nge2 Bd7 8. Be3 a6 9. Bg2 Bc6 10. Nf4 e5 11. Nfe2 b5 12. Ng3 b4 13. Nce2 Nbd7 14. g5 Ne8 15. h4 f6 16. Ng1 fxg5 17. hxg5 Qb6 18. Qg4 Rf7 19. Nf3 Rb8 20. Nh4 Nc7 21. Qh3 Nf8 22. Ne2 Bd7 23. Qh2 Nce6 24. Bf1 Qd8 25. Qg3 Qa5 26. Bd2 Qb6 27. f4 exf4 28. Nxf4 Be5 29. Nhg2 Nxf4 30. Nxf4 Ne6 31. Qg2 Bxf4 32. Bxf4 Nxf4 33. Qg3 b3 34. a3 Qa5+ 35. Kd1 Rbf8 36. Rc1 Nh5 37. Qe1 Rxf1 0-1

[Event "St Chely d'Aubrac op 10th"]
[Site "St Chely d'Aubrac"]
[Date "2010.07.10"]
[Round "1"]
[White "Levy, Nicolas"]
[Black "Lagunes, Jean Renaud"]
[Result "0-1"]
[WhiteElo "1610"]
[BlackElo "2074"]
[PlyCount "40"]
[EventDate "2010.07.10"]
[EventType "swiss"]
[EventRounds "9"]
[EventCountry "FRA"]
[SourceTitle "CBM 137 Extra"]
[Source "ChessBase"]
[SourceDate "2010.09.01"]
[SourceVersion "1"]
[SourceVersionDate "2010.09.01"]
[SourceQuality "1"]

1. e4 d6 2. d4 Nf6 3. Nc3 g6 4. Be3 c6 5. Bc4 b5 6. Bb3 b4 7. Na4 Nxe4 8. d5 c5 9. Qd3 Nf6 10. Ne2 Bg7 11. 0-0 0-0 12. c3 bxc3 13. Nexc3 Ba6 14. Bc4 Qa5 15. Bxa6 Nxa6 16. a3 Nc7 17. Rab1 Ncxd5 18. Nxd5 Nxd5 19. Nxc5 Nxe3 20. b4 Qd8 0-1